Responses for Show #3021 - Monday, October 20, 1997

Contestants

[<< previous game]

Joel Zuckerman, a financial analyst originally from Longmeadow, Massachusetts

Betty Altruda, an English professor from Manalapan, New Jersey

Maribeth Swiatek, a graduate student originally from Chicago, Illinois (whose 1-day cash winnings total $8,999)

[next game >>]

Jeopardy! Round responses

AMERICAN HISTORY
COFFEE BREAK
FICTION
THE ACADEMY AWARDS
DWELLINGS
ABBREV.
    $100 26
gold

Maribeth
    $100 8
caffeine

Maribeth
    $100 1
Tarzan

Joel
    $100 2
Vivian Leigh

Betty
    $100 21
the penthouse

Maribeth
    $100 13
for your information

Maribeth
    $200 27
(Betty: What is a telephone cable?)

a telegraph wire

BettyJoel
    $200 9
espresso

Joel
    $200 3
Scottish

Joel
    $200 4
Isaac Hayes

Betty
    $200 22
Chalet

Joel
    $200 14
Gone with the Wind

Maribeth
    $300 28
Philadelphia

Triple Stumper
    $700 18
J.S. Bach

Maribeth
    $300 5
the Iron Mask

Maribeth
    $300 10
The Magnificent Seven

Betty
    $300 23
brownstones

Joel
    $300 15
(Betty: What is motherboard?)

megabyte

MaribethBetty
    $400 29
[The end-of-round signal sounds.]

indigo

Betty
    $400 19
cherry

Triple Stumper
    $400 6
(Betty: Who is Mowgli?)
(Joel: What is The Jungle Book?)

Rikki-Tikki-Tavi

BettyJoel
Triple Stumper
    $400 11
Agnes Moorehead

Betty
    $400 24
(Alex: We have a minute left.)

a log cabin (even though he wasn't born in one)

Triple Stumper
    $400 16
centigram

Maribeth
    $500 20
Arabic

Joel
    $500 7
Infinite Jest

Maribeth
    $500 12
Midnight Express

Betty
    $500 25
(Maribeth: What is a pueblo?)

a longhouse

MaribethBetty
    $500 17
checkmate

Maribeth

Scores at the first commercial break (after clue 15):

Maribeth Betty Joel
$1,500 $800 $100

Scores at the end of the Jeopardy! Round:

Maribeth Betty Joel
$2,800 $1,500 $1,300

Double Jeopardy! Round responses

BALLET
WHAT'S THE QUESTION?
VALLEYS
SECTS
DRUGS
ROCK 'N' ROLL
    $200 13
Agnes De Mille

Maribeth
    $200 11
"What, me worry?"

Joel
    $200 18
Annapolis

Maribeth
    $200 20
the Quakers

Joel
    $200 1
penicillin

Betty
    $200 6
The Rolling Stones

Joel
    $400 14
Leonard Bernstein

Betty
    $400 7
"How do I love thee?"

Joel
    $400 19
(Joel: What is Oahu?)
(Maribeth: What is Kauai?)

Maui

MaribethBettyJoel
    $400 21
Beirut

Betty
    $400 2
minoxidil

Betty
    $1,900 8
Blondie

Joel
    $600 29
[The end-of-round signal sounds.]

Spartacus

Joel
    $1,200 15
Who's Afraid of Virginia Woolf?

Betty
    $600 22
(Alex: And we have a minute to go.)

John Bunyan

Betty
    $600 3
Reye syndrome

Maribeth
    $600 9
Aerosmith

Joel
    $800 24
the 1960s

Maribeth
    $800 16
"When shall we three meet again?" (from Macbeth)

Betty
    $800 27
Hudson River Valley

Triple Stumper
    $800 23
William Bradford

Maribeth
    $800 4
Neosporin

Triple Stumper
    $800 10
(Joel: Who are The Beach Boys?)
(Maribeth: Who is Genesis?)

The Doobie Brothers

MaribethJoel
Triple Stumper
    $1000 25
Pyotr Tchaikovsky

Maribeth
    $1000 17
"Is it safe?"

Joel
    $1000 26
Squaw Valley

Joel
    $1000 28
the Shakers

Maribeth
    $1000 5
analgesics

Betty
    $1000 12
Bjork

Maribeth

Scores at the end of the Double Jeopardy! Round:

Maribeth Betty Joel
$7,200 $6,900 $6,200

[wagering suggestions for these scores]

Final Jeopardy! Round responses

MOVIE ACTRESSES
JoelWho is Lillian Gish?
$5,950
BettyWho is Gish?
$6,900
MaribethWho is Hayes?
$6,901
Lillian Gish

Final scores:

Maribeth Betty Joel
$299 $13,800 $12,150
3rd place: Samsung His & Hers Evoca 115 Compact Zoom Cameras New champion: $13,800 2nd place: Trip to Memphis Hotel, Amsterdam, The Netherlands

Game dynamics:

Coryat scores:

Maribeth Betty Joel
$6,800 $6,300 $4,700
19 R
(including 1 DD),
3 W
16 R
(including 1 DD),
3 W
16 R
(including 1 DD),
3 W

Combined Coryat: $17,800

[game clues] [game scores] [suggest correction]

Game tape date: Unknown
The J! Archive is created by fans, for fans. Scraping, republication, monetization, and malicious use prohibited; this site may use cookies and collect identifying information. See terms. The Jeopardy! game show and all elements thereof, including but not limited to copyright and trademark thereto, are the property of Jeopardy Productions, Inc. and are protected under law. This website is not affiliated with, sponsored by, or operated by Jeopardy Productions, Inc. Join the discussion at JBoard.tv.